<?xml version="1.0" encoding="UTF-8"?><?xml-stylesheet type="text/xsl" href="static/style.xsl"?><OAI-PMH xmlns="http://www.openarchives.org/OAI/2.0/" xmlns:xsi="http://www.w3.org/2001/XMLSchema-instance" xsi:schemaLocation="http://www.openarchives.org/OAI/2.0/ http://www.openarchives.org/OAI/2.0/OAI-PMH.xsd"><responseDate>2026-04-13T05:45:47Z</responseDate><request verb="GetRecord" identifier="oai:www.recercat.cat:2099.1/7920" metadataPrefix="marc">https://recercat.cat/oai/request</request><GetRecord><record><header><identifier>oai:recercat.cat:2099.1/7920</identifier><datestamp>2025-07-24T18:18:47Z</datestamp><setSpec>com_2072_1033</setSpec><setSpec>col_2072_452951</setSpec></header><metadata><record xmlns="http://www.loc.gov/MARC21/slim" xmlns:dcterms="http://purl.org/dc/terms/" xmlns:xsi="http://www.w3.org/2001/XMLSchema-instance" xmlns:doc="http://www.lyncode.com/xoai" xsi:schemaLocation="http://www.loc.gov/MARC21/slim http://www.loc.gov/standards/marcxml/schema/MARC21slim.xsd">
   <leader>00925njm 22002777a 4500</leader>
   <datafield ind2=" " ind1=" " tag="042">
      <subfield code="a">dc</subfield>
   </datafield>
   <datafield ind2=" " ind1=" " tag="720">
      <subfield code="a">Alfonso Colldecarrera, Ricard</subfield>
      <subfield code="e">author</subfield>
   </datafield>
   <datafield ind2=" " ind1=" " tag="260">
      <subfield code="c">2009-07</subfield>
   </datafield>
   <datafield ind2=" " ind1=" " tag="520">
      <subfield code="a">A lo largo de estos años, el Reglamento empleado para la instalación de líneas aéreas de alta&#xd;
tensión con conductores desnudos data del año 1968. Hasta hace poco entró en vigor el&#xd;
nuevo Reglamento, que además de recoger lo redactado en la normativa anterior, ampliaba&#xd;
su contenido a líneas subterráneas y el proceso administrativo para la instalación de dichas&#xd;
líneas. Además, el Reglamento actual presenta un contenido enfocado desde la perspectiva&#xd;
de la seguridad de las personas.&#xd;
Por ello, se ha realizado un análisis comparativo de ambos Reglamentos sobre todo lo que&#xd;
rodea a las líneas aéreas con conductores desnudos. A partir de ahí se han tratado de&#xd;
comparar principalmente los aspectos técnicos, los elementos que conforman la instalación y&#xd;
las consideraciones generales a tener en cuenta para todo proyectista de líneas eléctricas.&#xd;
Las consideraciones mecánicas más significativas y que corresponden a una mayor&#xd;
diferenciación respecto al Reglamento del sesenta y ocho son las hipótesis de cálculo tanto&#xd;
para los apoyos como para los conductores. En ellas se han incorporado nuevas hipótesis y&#xd;
por lo tanto mayores situaciones dispares.&#xd;
Referente a los aspectos eléctricos se debe contemplar la actual técnica utilizada para la&#xd;
resistencia de puesta a tierra.&#xd;
Para el cálculo de las distancias de seguridad se ha adoptado un nuevo criterio para así&#xd;
aumentar el margen de separación entre la parte puesta en tensión y las personas. De esta&#xd;
forma se busca garantizar la seguridad para así evitar cualquier posible accidente.&#xd;
Finalmente, en la segunda parte de este estudio se ha dado lugar a ejemplos de aplicación&#xd;
para dejar con más claridad y constancia de la diferencia existente entre un Reglamento y&#xd;
otro. Los ejemplos se han basado principalmente en los aspectos eléctricos, mecánicos y las&#xd;
distancias de seguridad. Los resultados obtenidos por ambos Reglamentos reflejan la&#xd;
diferencia argumentada anteriormente.&#xd;
Por todo ello, el gran objetivo de este estudio es la comparación analítica de uno y otro&#xd;
Reglamento para las líneas aéreas con conductores desnudos con el fin de facilitar el trabajo&#xd;
a personas dedicas a este ámbito de aplicación.</subfield>
   </datafield>
   <datafield tag="653" ind2=" " ind1=" ">
      <subfield code="a">Àrees temàtiques de la UPC::Enginyeria elèctrica</subfield>
   </datafield>
   <datafield tag="653" ind2=" " ind1=" ">
      <subfield code="a">Electric power distribution -- High tension</subfield>
   </datafield>
   <datafield tag="653" ind2=" " ind1=" ">
      <subfield code="a">Reglamento</subfield>
   </datafield>
   <datafield tag="653" ind2=" " ind1=" ">
      <subfield code="a">Línea aérea</subfield>
   </datafield>
   <datafield tag="653" ind2=" " ind1=" ">
      <subfield code="a">Alta tensión</subfield>
   </datafield>
   <datafield tag="653" ind2=" " ind1=" ">
      <subfield code="a">Conductor desnudo</subfield>
   </datafield>
   <datafield tag="653" ind2=" " ind1=" ">
      <subfield code="a">ITC-LAT</subfield>
   </datafield>
   <datafield tag="653" ind2=" " ind1=" ">
      <subfield code="a">Aislador</subfield>
   </datafield>
   <datafield tag="653" ind2=" " ind1=" ">
      <subfield code="a">Apoyo</subfield>
   </datafield>
   <datafield tag="653" ind2=" " ind1=" ">
      <subfield code="a">Distancia</subfield>
   </datafield>
   <datafield tag="653" ind2=" " ind1=" ">
      <subfield code="a">Alta tensió</subfield>
   </datafield>
   <datafield ind2="0" ind1="0" tag="245">
      <subfield code="a">Análisis comparativo del nuevo reglamento de líneas de alta tensión</subfield>
   </datafield>
</record></metadata></record></GetRecord></OAI-PMH>